| 000 | 00810pam a2200229 a 4500 | ||
|---|---|---|---|
| 020 | _a0070465673 : | ||
| 082 | 0 | 0 |
_a624.18341 _bNIL _cL-19 P-96 |
| 100 | 1 |
_aNilson, Arthur H. _920244 |
|
| 245 | 1 | 0 |
_aDesign of concrete structures / _cArthur H. Nilson, George Winter. |
| 250 | _a11th ed. | ||
| 260 |
_aNew York : _bMcGraw-Hill, _cc1991. |
||
| 300 |
_axvii, 904 p. : _bill. ; _c25 cm. |
||
| 500 | _a"A textbook originated by L.C. Urquhart and C.E. O'Rourke." | ||
| 500 | _aWinter's name appears first on the earlier edition. | ||
| 526 |
_a0 _b0 _c0 _d624_183410000000000_NIL |
||
| 650 | 0 |
_aMCE _9379 |
|
| 650 | 0 |
_aPrestressed concrete construction. _920245 |
|
| 650 | 0 | _aReinforced concrete construction. | |
| 700 | 1 |
_aUrquhart, Leonard Church, _942273 |
|
| 700 | 1 |
_aWinter, George, _926880 |
|
| 942 |
_2ddc _cBK |
||
| 999 |
_c547068 _d547068 |
||